000
00296nam a2200121Ia 4500
008
190802s9999 xx 000 0 und d
020
_a
978-93-325-5023-0
100
_a
Alvan V.Oppenheim
245
0
_a
Signals and Systems
260
_a
Australia
_b
Pearson
_c
2018
300
_a
944:p
942
_c
BK
999
_c
2256
_d
2256